000 00789nam a2200229Ia 4500
999 _c20843
_d20843
003 OSt
005 20211104151214.0
008 160316s2002 xxu||||| |||| 00| 0 eng d
020 _a9780406913470
040 _cn
082 _a346.078000
_bMCL
100 _aMcLoughlin Patrick
245 _aCommercial leases and insolvency
250 _a3rd
260 _aLondon
_bButterworths
_c2002
300 _a270
_cxix
365 _bRs.3,220
505 _aTable of contents this text provides excellent value for money and should be purchased by any commercial property practitioner or surveyor" Student Law Journal, September 2005
650 _a1. Bankruptcy - Law2. Insolvency Law3. Leasing Regulation4. Commercial Leasing - Law & Legislation - U K
700 _a
_a
942 _2ddc
_cBK